[Event "Provence-ch prom Meyreuil 0001"]
[Site "France"]
[Date "2001.01.20"]
[Round "6"]
[White "Masten, Frank"]
[Black "Scamaroni, Jean Paul"]
[Result "0-1"]
[WhiteElo "1550"]
[BlackElo "1620"]
[PlyCount "78"]
[EventDate "2000.??.??"]
[EventType "tourn"]
[EventRounds "9"]
[EventCountry "FRA"]
[SourceTitle "EXT 2005"]
[Source "ChessBase"]
[SourceDate "2004.11.15"]
[SourceVersion "1"]
[SourceVersionDate "2004.11.15"]
[SourceQuality "1"]

1. c4 g6 2. Nc3 Bg7 3. g3 c5 4. Nf3 Nc6 5. Bg2 d6 6. 0-0 Nh6 7. b3 0-0 8. Bb2 Bf5 9. d3 Qd7 10. Rb1 Bh3 11. e3 Bxg2 12. Kxg2 Nf5 13. Nd5 Bxb2 14. Rxb2 f6 15. Rd2 Rad8 16. h4 e6 17. Nf4 e5 18. Nd5 Nce7 19. Rh1 Nxd5 20. cxd5 Ng7 21. Nh2 f5 22. Nf3 Qf7 23. e4 f4 24. g4 Qd7 25. Ne1 f3+ 26. Kg3 Rf4 27. Nxf3 Qxg4+ 28. Kh2 Rxf3 29. Qf1 Qxh4+ 30. Kg1 Qg5+ 31. Qg2 Qxd2 32. Qxf3 Rf8 33. Qg3 Qe2 34. Qh4 Nh5 35. Rh2 Qe1+ 36. Kg2 Nf4+ 37. Kf3 Qd1+ 38. Kg3 Qg1+ 39. Kf3 Ng2+ 0-1